000 00922nam a22003017a 4500
001 0031
003 DO-SdBNP
005 20180220155737.0
007 BPMSU
008 151012 1993 sp a ||||| |||| 00| 0 spa d
020 _a8434817926
040 _aBPMSU
_bspa
_cBPMSU
100 _aFarjeon, Eleanor
240 1 _aThe silver curiew /
245 _aEl zarapito plateado /
_cEleanor Farjeon ; traducción Leonor Ventura ; ilustraciones Carmen Lucini
250 _a7a. ed.
260 _aMadrid ;
_bSM.
_c1993.
300 _a151p. :
_bil.
_c19 cm.
490 0 _aEl barco de vapor
_aSerie Naranja
_v36
521 _aA partir de 9 años.
586 _aPremio Hans Christian Andersen, 1956.
700 1 _aVentura, Leonor
_etrad.
700 1 _aLucini, Carmen
_eil.
830 0 _aEl barco de vapor
_pSerie Naranja
_v36
942 _2ddc
_cBK
945 _aInventariado, 2018/ YL
956 _aYLOCKWARD
_b10
_cBPMSU
999 _c8362
_d8362